| 000 | 01245nmm a2200325 a 4500 | ||
|---|---|---|---|
| 003 | AR-BaBNM | ||
| 005 | 20251128203131.0 | ||
| 008 | 066119s1979 ||||||||||||||000 | spa|| | ||
| 020 | _a3-446-12812-3 | ||
| 040 | _cAR-BaBNM | ||
| 100 | 1 | _aFühr, Christoph | |
| 245 | 1 | 0 | _aEducación y enseñanza en la República Federal de Alemania |
| 260 |
_aViena _bInter-Nationes _c1979 |
||
| 300 |
_a178 p. _btablas, diagr. |
||
| 500 | _aContiene un apéndice de cuadros, índices, horarios de estudios y documentos | ||
| 500 | _aEl libro se basa en informaciones y documentaciones de la Conferencia de Ministros de Educación, del Ministerio Federal de Educación y Ciencia, de la Comisión Federación-Estados Federados para Planificación Educativa y Promoción de la Investigación, del D | ||
| 504 | _aBibliografía: p. 169-178 | ||
| 650 | 4 | _aORGANIZACION DE LA EDUCACION | |
| 650 | 4 | _aADMINISTRACION DE LA EDUCACION | |
| 650 | 4 | _aESTADO Y EDUCACION | |
| 650 | 4 | _aPAPEL DEL GOBIERNO | |
| 650 | 4 | _aEDUCACION COMPARADA | |
| 650 | 4 | _aPOLITICA EDUCATIVA | |
| 651 | 4 | _aAlemania | |
| 653 | _aSISTEMA EDUCATIVO | ||
| 653 | _aFINANCIAMIENTO EDUCATIVO | ||
| 700 | 1 |
_aGarzón Valdés, Ernesto _etraductor |
|
| 942 | _cBK | ||
| 998 | _csilvi | ||
| 999 |
_c2056 _d2056 |
||